| 000 | 00326nam a2200121Ia 4500 | ||
|---|---|---|---|
| 005 | 20260326100024.0 | ||
| 008 | 260326s9999||||xx |||||||||||||| ||und|| | ||
| 100 | _aGolvin, Jean-Claude | ||
| 245 | 0 |
_aAncient Cities : _b Brought to Life / _cJean-Claude Golvin |
|
| 260 | _bThalamus Publishings | ||
| 650 | _aURBANISMO | ||
| 942 | _cBK | ||
| 999 |
_c6328 _d6328 |
||